Statistiken für Stadtteile Mönchengladbach

Klicken Sie hier um das Quiz zu spielen!

Allgemein

  • Dieses Quiz wurde 105 mal gespielt
  • Das Durchschnittsergebnis liegt bei 15 aus 44

Antwortstatistiken

Stadtbezirk Nord% Korrekt
Rheydt
87%
Hardt-Mitte
74%
Odenkirchen-Mitte
72%
Giesenkirchen-Mitte
67%
Neuwerk-Mitte
67%
Wickrath-Mitte
67%
Eicken
59%
Lürrip
57%
Hehn
54%
Rheindahlen-Mitte
54%
Windberg
54%
Venn
52%
Holt
50%
Wickrathberg
43%
Bettrath-Hoven
41%
Wanlo
41%
Dahl
39%
Uedding
37%
Mülfort
35%
Ohler
35%
Waldhausen
33%
Hardterbroich-Pesch
31%
Pongs
28%
Schelsen
28%
Gladbach
26%
Westend
22%
Bonnenbroich-Geneicken
20%
Flughafen
20%
Hauptquartier
20%
Hockstein
20%
Rheindahlen-Land
20%
Schrievers
20%
Odenkirchen-West
17%
Sasserath
17%
Wickrath-West
17%
Geistenbeck
15%
Giesenkirchen-Nord
15%
Grenzlandstadion
15%
Schmölderpark
15%
Am Wasserturm
13%
Heyden
13%
Hardter Wald
11%
Schloss Rheydt
11%
Bungt
9%

Verteilung der Resultate

Perzentil nach korrekt beantworteten Fragen

Anzahl Personen mit jedem Resultat

Ihre Resultats-Entwicklung

Sie haben dieses Quiz noch nicht gespielt